000
00407nam a22001697a 4500
003
MPLRDC
005
20220104124318.0
008
210129b ||||| |||| 00| 0 eng d
082
_a
538 ZYCB
100
_a
不详
245
_a
中国民俗辞典
_c
260
_a
_b
智扬出版社
_c
1990
300
_b
精
490
_a
中国民俗丛书
650
_a
民俗学; 各国风俗
942
_c
BK
_o
538 ZYCB
999
_c
18327
_d
18317